Фрагмент речевого портрета эффективной вторичной языковой личности иностранного студента из Индонезии; Казанская наука; № 9
| Parent link: | Казанская наука.— .— Казань: Изд-во Рашин Сайнс № 9.— 2024.— С. 198-201 |
|---|---|
| Autor corporatiu: | |
| Altres autors: | , , , , |
| Sumari: | Заглавие с экрана В статье речь идет об отражении восприятия действительности в стихотворных произведениях языковой личности с суицидальным поведением. Выявлены ведущие темы, специфические образы, другие особенности дискурса. Установлено, что демонстративность и неприятие себя и мира доминируют в качестве особенностей мировосприятия информанта Текстовый файл |
| Idioma: | rus |
| Publicat: |
2024
|
| Matèries: | |
| Accés en línia: | https://elibrary.ru/item.asp?id=74981162 https://www.kazanscience.ru/sbornik |
| Format: | MixedMaterials Electrònic Capítol de llibre |
| KOHA link: | https://koha.lib.tpu.ru/cgi-bin/koha/opac-detail.pl?biblionumber=677986 |
MARC
| LEADER | 00000naa0a2200000 4500 | ||
|---|---|---|---|
| 001 | 677986 | ||
| 005 | 20241228113241.0 | ||
| 090 | |a 677986 | ||
| 100 | |a 20241228d2024 k||y0rusy50 ca | ||
| 101 | 0 | |a rus | |
| 102 | |a RU | ||
| 135 | |a drcn ---uucaa | ||
| 181 | 0 | |a i |b e | |
| 182 | 0 | |a b | |
| 183 | 0 | |a cr |2 RDAcarrier | |
| 200 | 1 | |a Фрагмент речевого портрета эффективной вторичной языковой личности иностранного студента из Индонезии |d A speech portrait fragment of an effective secondary linguistic personality of a foreign student from Indonesia |z eng |f Т. Ф. Волкова, Л. В. Воробьёва, В. А. Красман [и др.] | |
| 203 | |a Текст |b визуальный |c электронный | ||
| 283 | |a online_resource |2 RDAcarrier | ||
| 300 | |a Заглавие с экрана | ||
| 320 | |a Список литературы: 10 назв. | ||
| 330 | |a В статье речь идет об отражении восприятия действительности в стихотворных произведениях языковой личности с суицидальным поведением. Выявлены ведущие темы, специфические образы, другие особенности дискурса. Установлено, что демонстративность и неприятие себя и мира доминируют в качестве особенностей мировосприятия информанта | ||
| 336 | |a Текстовый файл | ||
| 461 | 1 | |t Казанская наука |n Изд-во Рашин Сайнс |c Казань | |
| 463 | 1 | |t № 9 |v С. 198-201 |d 2024 | |
| 610 | 1 | |a электронный ресурс | |
| 610 | 1 | |a труды учёных ТПУ | |
| 610 | 1 | |a вторичная языковая личность | |
| 610 | 1 | |a речевой портрет | |
| 610 | 1 | |a текстовая деятельность | |
| 610 | 1 | |a эффективность | |
| 701 | 1 | |a Волкова |b Т. Ф. |c лингвист |c доцент Томского политехнического университета, кандидат филологических наук |f 1974- |g Татьяна Фёдоровна |9 10887 | |
| 701 | 1 | |a Красман |b В. А. |c лингвист |c доцент Томского политехнического университета, кандидат филологических наук |f 1981- |g Вера Александровна |9 10890 | |
| 701 | 1 | |a Курикова |b Н. В. |c лингвист |c доцент Томского политехнического университета, кандидат филологических наук |f 1975- |g Наталья Владимировна |9 12939 | |
| 701 | 1 | |a Чугаинова |b И. В. |c лингвист |c преподаватель Томского политехнического университета |f 1983- |g Ирина Владимировна |9 20442 | |
| 701 | 1 | |a Воробьёва |b Л. В. |c лингвист |c доцент Томского политехнического университета, кандидат филологических наук |f 1979- |g Людмила Владимировна |9 12566 | |
| 712 | 0 | 2 | |a Национальный исследовательский Томский политехнический университет |c (2009- ) |9 26305 |4 570 |
| 801 | 2 | |a RU |b 63413507 |c 20241228 |g RCR | |
| 856 | 4 | |u https://elibrary.ru/item.asp?id=74981162 |z https://elibrary.ru/item.asp?id=74981162 | |
| 856 | 4 | 0 | |u http://www.kazanscience.ru/sbornik |z https://www.kazanscience.ru/sbornik |
| 942 | |c CF | ||